El consulado y las ordenanzas de comercio de Bilbao (Record no. 130236)

MARC details
000 -LEADER
campo de control de longitud fija 00592nam a2200169 i 4500
001 - NÚMERO DE CONTROL
campo de control 130236
003 - IDENTIFICADOR DE NÚMERO DE CONTROL
campo de control ES-MaACL
005 - FECHA Y HORA DE LA ÚLTIMA TRANSACCIÓN
campo de control 20230906193659.0
007 - CAMPO FIJO DE DESCRIPCIÓN FÍSICA--INFORMACIÓN GENERAL
campo de control de longitud fija t|
008 - DATOS DE LONGITUD FIJA--INFORMACIÓN GENERAL
campo de control de longitud fija 070724s1907 sp ||||1| spa d
100 1# - ENTRADA PRINCIPAL--NOMBRE DE PERSONA
Nombre de persona Zabala y Allende, Federico de.
9 (RLIN) 117793
245 13 - MENCIÓN DEL TÍTULO
Título El consulado y las ordenanzas de comercio de Bilbao
Resto del título : con breves noticias históricas acerca del comercio de esta villa /
Mención de responsabilidad, etc. Federico de Zabala y Allende.
260 ## - PUBLICACIÓN, DISTRIBUCIÓN, ETC.
Lugar de publicación, distribución, etc. Bilbao :
Nombre del editor, distribuidor, etc. La Editorial Vizcaína,
Fecha de publicación, distribución, etc. 1907.
300 ## - DESCRIPCIÓN FÍSICA
Extensión 125 p. ;
Dimensiones 23 cm.
651 #4 - PUNTO DE ACCESO ADICIONAL DE MATERIA--NOMBRE GEOGRÁFICO
Nombre geográfico Bilbao-
Subdivisión general Historia.
9 (RLIN) 7881
852 ## - LOCALIZACIÓN
Ubicación ES-MaACL
Número de control de estantería T-1125-F-6
Holdings
Estatus retirado Estado de pérdida Estado de daño No para préstamo Colección Biblioteca de origen Biblioteca actual Ubicación en estantería Fecha de adquisición Fuente de adquisición Total de préstamos Signatura topográfica completa Código de barras Visto por última vez Precio de reemplazo Tipo de ítem Koha
        Colección de folletos Biblioteca del Ateneo de Madrid Biblioteca del Ateneo de Madrid Depósito folletos 17/01/2008     T-1125-F-6 1135605 23/02/2023 23/02/2023 Folleto